<?xml version="1.0" encoding="UTF-8"?><?xml-stylesheet type="text/xsl" href="static/style.xsl"?><OAI-PMH xmlns="http://www.openarchives.org/OAI/2.0/" xmlns:xsi="http://www.w3.org/2001/XMLSchema-instance" xsi:schemaLocation="http://www.openarchives.org/OAI/2.0/ http://www.openarchives.org/OAI/2.0/OAI-PMH.xsd"><responseDate>2026-06-30T04:06:48Z</responseDate><request verb="GetRecord" identifier="oai:repisalud.isciii.es:20.500.12105/7287" metadataPrefix="marc">https://repisalud.isciii.es/rest/oai/request</request><GetRecord><record><header><identifier>oai:repisalud.isciii.es:20.500.12105/7287</identifier><datestamp>2025-06-03T11:15:37Z</datestamp><setSpec>com_20.500.12105_2405</setSpec><setSpec>com_20.500.12105_2403</setSpec><setSpec>col_20.500.12105_2412</setSpec></header><metadata><record xmlns="http://www.loc.gov/MARC21/slim" xmlns:dcterms="http://purl.org/dc/terms/" xmlns:doc="http://www.lyncode.com/xoai" xmlns:xsi="http://www.w3.org/2001/XMLSchema-instance" xsi:schemaLocation="http://www.loc.gov/MARC21/slim http://www.loc.gov/standards/marcxml/schema/MARC21slim.xsd">
   <leader>00925njm 22002777a 4500</leader>
   <datafield ind2=" " ind1=" " tag="042">
      <subfield code="a">dc</subfield>
   </datafield>
   <datafield ind2=" " ind1=" " tag="720">
      <subfield code="a">Garcia Lizana, Francisca</subfield>
      <subfield code="e">author</subfield>
   </datafield>
   <datafield ind2=" " ind1=" " tag="260">
      <subfield code="c">2018-12</subfield>
   </datafield>
   <datafield ind2=" " ind1=" " tag="520">
      <subfield code="a">The  European  Innovation  Partnership  on Active  and  Healthy Ageing  (EIPonAHA)  is the  European  Commission’s  most  ambitious  initiative  to  support  the  transformation  of health and care and for economic growth through innovation of this decade. The Strategic Implementation Plan describes the strategy to be carried out by different Action Groups (AG), Reference Sites and Health and Research Authorities. The strategy includes a Scalability Roadmap based on the replicability of innovative practices. Though the midterm evaluation recognises the strategy’s value, improvements in implementation and the development of synergies have been recommended.The general objective is to improve EIPonAHA implementation in Spain, ensuring the triple win. This overall objective is to be achieved through three specific objectives:1.  Policy analysis and evaluation of the 2011 – 2015 period. 2.  Improvement in efficiency and coordination amongst AGs of EIPonAHA partners, avoiding redundant work and potentially disparate outcomes. 3.  Policy analysis of the EIPonAHA’s impact in Spain.</subfield>
   </datafield>
   <datafield ind1="8" ind2=" " tag="024">
      <subfield code="a">Policy Analysis of the European Innovation Partnership on Active and Healthy Ageing and its impact in Spain. Achievements and recommendations for the 2016-2020 period. Madrid;  Institute  of  Health  Carlos  III,  Health Technology Assessment Agency (AETS): 2018.</subfield>
   </datafield>
   <datafield ind1="8" ind2=" " tag="024">
      <subfield code="a">10.4321/repisalud.7287</subfield>
   </datafield>
   <datafield ind1="8" ind2=" " tag="024">
      <subfield code="a">NIPO EPUB: 06218024X NIPO PDF: 062180234</subfield>
   </datafield>
   <datafield ind1="8" ind2=" " tag="024">
      <subfield code="a">http://hdl.handle.net/20.500.12105/7287</subfield>
   </datafield>
   <datafield ind2="0" ind1="0" tag="245">
      <subfield code="a">Policy Analysis of the European Innovation Partnership on Active and Healthy Ageing and its impact in Spain. Achievements and recommendations for the 2016-2020 period</subfield>
   </datafield>
</record></metadata></record></GetRecord></OAI-PMH>